000 00635nam a2200169 i 4500
001 44148
003 ES-MaACL
005 20230906160952.0
007 t|
008 030320s1980 sp ||||1| spa d
100 1 _aCid, Jesús Antonio.
_938760
245 1 0 _aNotas sobre la transmisión de la lírica culta en el Siglo de Oro
_b: . I, El romance "Oid, pastores de Henares" y su autor. II, para un catálogo de la obra poética de Montalbán /
_cJesús Antonio Cid.
260 _aMadrid :
_b[Raycar],
_c1980.
300 _a20 p. ;
_c24 cm.
500 _aEs separata de: Cuadernos bibliográficos. V. 40.
852 _aES-MaACL
_j2130-F-9
999 _c44148
_d44148